Breeder seed production of cultivar TS64 in wet season 2002 at kbal koh vegetabtle research station, ការសំរាំងនិងពង្រីកពូជទ្រប់វែង ជំនាន់ទី៣ប្រភេទពូជ TS64 ក្នុងលក្ខខ័ណ្ឌរដូវវស្សា២០០២នៅស្ថានីយ៍ពិសោធន៍ពូជបន្លែក្បាលកោះ (Record no. 1332)

000 -LEADER
fixed length control field 00797nam a22001577a 4500
003 - CONTROL NUMBER IDENTIFIER
control field OSt
005 - DATE AND TIME OF LATEST TRANSACTION
control field 20150927143512.0
008 - FIXED-LENGTH DATA ELEMENTS--GENERAL INFORMATION
fixed length control field 150927b xxu||||| |||| 00| 0 eng d
040 ## - CATALOGING SOURCE
Transcribing agency RUA
082 ## - DEWEY DECIMAL CLASSIFICATION NUMBER
Classification number ATM.Sp CHO 2003 B058 Or.1
100 ## - MAIN ENTRY--PERSONAL NAME
9 (RLIN) 1416
Personal name CHOU, CHAMROEUN.
245 ## - TITLE STATEMENT
Title Breeder seed production of cultivar TS64 in wet season 2002 at kbal koh vegetabtle research station, ការសំរាំងនិងពង្រីកពូជទ្រប់វែង ជំនាន់ទី៣ប្រភេទពូជ TS64 ក្នុងលក្ខខ័ណ្ឌរដូវវស្សា២០០២នៅស្ថានីយ៍ពិសោធន៍ពូជបន្លែក្បាលកោះ
260 ## - PUBLICATION, DISTRIBUTION, ETC. (IMPRINT)
Place of publication, distribution, etc. Phnom Penh
Name of publisher, distributor, etc. RUA
Date of publication, distribution, etc. 2003
300 ## - PHYSICAL DESCRIPTION
Extent 57p.
Other physical details ill.
Dimensions 29cm.
942 ## - ADDED ENTRY ELEMENTS (KOHA)
Source of classification or shelving scheme
Koha item type ATM.s
Holdings
Price effective from Date last seen Permanent Location Not for loan Date acquired Source of classification or shelving scheme Koha item type Lost status Withdrawn status Date last checked out Total Checkouts Shelving location Damaged status Barcode Current Location Full call number
2015-09-272018-06-04Library Block B 2015-09-27 ATM.s  2018-05-251B058 RUA001546Library Block BATM.Sp CHO 2003 B058 Or.1
2015-09-272016-11-04Library Block B 2015-09-27 ATM.s  2016-10-251B058 RUA001591Library Block BATM.Sp CHO 2003 B058 Or.2
2015-09-272015-09-27Library Block B 2015-09-27 ATM.s    B058 RUA001106Library Block BATM.Sp CHO 2003 B058 Or.3
2015-09-272015-09-27Library Block B 2015-09-27 ATM.s    B058 RUA001519Library Block BATM.Sp CHO 2003 B058 Or.4
2015-09-272015-09-27Library Block B 2015-09-27 ATM.s    B058 RUA001508Library Block BATM.Sp CHO 2003 B058 Or.5
2016-10-262016-10-26Library Block B 2016-10-26 ATM.s    B058 A01406Library Block BATM.Sp CHO 2003 B058 Or.6
មជ្ឈមណ្ឌលឯការនៃសាកលវិទ្យាល័យភូមិន្ទកសិកម្មចំការដូង

Powered by Koha